| 000 | 01214nam a22002417a 4500 | ||
|---|---|---|---|
| 001 | 3174 | ||
| 003 | FISKH | ||
| 005 | 20240215121349.0 | ||
| 008 | 240215b cb ||||| |||| 00| 0 eng d | ||
| 020 | _a9780753726563 | ||
| 040 |
_aFISKH _beng _cFISKH _dFISKH |
||
| 082 | _a428.6 | ||
| 100 | _aBlyton, Enid | ||
| 245 |
_aMr pink-whistle stories and other stories / _cEnid Blyton |
||
| 260 |
_aLondon : _bOctopus, _c2014. |
||
| 300 |
_a191 pages ; _billustrations ; _c20 cm |
||
| 505 | _aM | ||
| 520 | _aMagic Mr Pink-Whistle is always around to help everyone out in this wonderful collection of stories by your favourite author. Watch him save the day by lending a helping hand during the charity conjuring show, stopping George and Harry fighting and saving a little girl from bullies with his powers. You'll love his cat Sooty, too! Other stories in this volume: Sooty Helps Mr Pink-Whistle Mr Pink-Whistle Is a Conjuror! Mr Pink-Whistle Goes to School Mr Pink-Whistle Gets a Laugh Josie, Click and Bun Give a Party Santa Claus Goes to Mr Pink-Whistle and many more... | ||
| 521 | 8 |
_a540
_bLexile estimate |
|
| 521 | 8 |
_aM
_bRaz-Plus |
|
| 650 |
_aChapter Book _vFiction |
||
| 942 |
_2ddc _cBK _n0 |
||
| 999 |
_c3174 _d3174 |
||